Central Library OPAC University of Rajshahi

Quantum mechanics : (Record no. 68205)

MARC details
000 -LEADER
fixed length control field 00663nam a2200229 a 4500
001 - CONTROL NUMBER
control field 68205
003 - CONTROL NUMBER IDENTIFIER
rucl marc code BD-RjUL
005 - DATE AND TIME OF LATEST TRANSACTION
control field 20211209081737.0
008 - FIXED-LENGTH DATA ELEMENTS--GENERAL INFORMATION
fixed length control field 170330r19721968ii a|||| |||| 001 0 eng d
020 ## - INTERNATIONAL STANDARD BOOK NUMBER
Terms of availability IRs. 12.00
035 ## - SYSTEM CONTROL NUMBER
System control number (BD-RjUL)68415
040 ## - CATALOGING SOURCE
Original cataloging agency BD-RjUL
Language of cataloging eng
Transcribing agency BD-RjUL
041 ## - LANGUAGE CODE
Language code of text/sound track or separate title eng
082 ## - DEWEY DECIMAL CLASSIFICATION NUMBER
Edition number 23
Classification number 530.12
Author mark and year STQ 1972
100 ## - MAIN ENTRY--PERSONAL NAME
Personal name Strauss, Herbert L.
9 (RLIN) 202189
245 ## - TITLE STATEMENT
Title Quantum mechanics :
Remainder of title an introduction /
Statement of responsibility, etc. Herbert L. Strauss
260 ## - PUBLICATION, DISTRIBUTION, ETC. (IMPRINT)
Place of publication, distribution, etc. New Delhi :
Name of publisher, distributor, etc. Prentice-hall India private ltd.,
Date of publication, distribution, etc. c1968 [1972]
300 ## - PHYSICAL DESCRIPTION
Pagination x, 192p. :
Illustrations ill. ;
Size 24 cm.
500 ## - GENERAL NOTE
General note Includes index
650 ## - SUBJECT ADDED ENTRY--TOPICAL TERM
Topical term or geographic name as entry element Quantum theory
9 (RLIN) 202190
942 ## - ADDED ENTRY ELEMENTS (KOHA)
Source of classification or shelving scheme Dewey Decimal Classification
Koha item type Books
Holdings
Lost status Source of classification or shelving scheme Damaged status Not for loan Collection code Permanent Location Current Location Shelving location Date acquired Source of acquisition Cost, normal purchase price Total Checkouts Full call number Date last seen Copy number Koha item type
  Dewey Decimal Classification   Not For Loan Non-fiction Central Library, University of Rajshahi Central Library, University of Rajshahi Reading Room 31/03/1976 Prentice-hall of India 12.00   530.12 STQ 1972 30/03/2017 C-1 Books
  Dewey Decimal Classification     Non-fiction Central Library, University of Rajshahi Central Library, University of Rajshahi   31/03/1976 Prentice-hall of India 12.00   530.12 STQ 1972 08/05/2017 C-2 Books
  Dewey Decimal Classification     Non-fiction Central Library, University of Rajshahi Central Library, University of Rajshahi   31/03/1976 Prentice-hall of India 12.00   530.12 STQ 1972 08/05/2017 C-3 Books